000
00257nam a22000977a 4500
999
_c
11759
_d
11759
008
200114b ||||| |||| 00| 0 eng d
020
_a
0590925695
100
_a
Rathmann Peggy
_9
7444
245
_a
Officer Buckle and Gloria
260
_a
New York
_b
Scholastic
_c
1996